Missing Word: 1980s 'E' Song Endings Quiz Stats

Quiz Updated Mar 28, 2016

Challenge
Share
Tweet
Embed
Score 0/16 Timer 04:00
0 Plays Today
Song Missing Word % Correct
Heaven Is A Place On _____Earth
97.1%
Walk Like An _____Egyptian
93.8%
Money Changes _____Everything
93.1%
Just Can't Get ____Enough
91.1%
Bette Davis _____Eyes
90.5%
Late In The _____Evening
90.5%
Mixed _____Emotions
81.5%
Come On _____Eileen
80.8%
Song Missing Word % Correct
Take It _____Easy
77.2%
Ain't She Somethin' _____Else
72.9%
Love In An _____Elevator
65.6%
Don't Let It _____End
62.1%
Radio Free _____Europe
58.6%
So _____Emotional
37.1%
What's On Your Mind (Pure _____)Energy
34.3%
Are 'Friends' _____?Electric
17.3%

Today's Daily Dose

Missing Word
Fruity Song Titles

Quick Pick
Double Blanks

On This Day
June 22nd II

You're not logged in!

Compare scores with friends on all Sporcle quizzes.
Join for Free
OR
Log In

You Might Also Like...

Show Comments

Extras

Top Quizzes Today


Score Distribution

Your Account Isn't Verified!

In order to create a playlist on Sporcle, you need to verify the email address you used during registration. Go to your Sporcle Settings to finish the process.

Report this User

Report this user for behavior that violates our Community Guidelines.

Details: